<?xml version="1.0" encoding="UTF-8"?>
<collection xmlns="http://www.loc.gov/MARC21/slim">
    <record>
        <controlfield tag="001">96593</controlfield>
        <controlfield tag="005">20201120151212.0</controlfield>
        <datafield tag="037" ind1=" " ind2=" ">
            <subfield code="a">TAZ-TFG-2020-2020</subfield>
        </datafield>
        <datafield tag="041" ind1=" " ind2=" ">
            <subfield code="a">spa</subfield>
        </datafield>
        <datafield tag="100" ind1="1" ind2=" ">
            <subfield code="a">Gutiérrez Hernández, Andrea</subfield>
        </datafield>
        <datafield tag="242" ind1="0" ind2="0">
            <subfield code="a">3D design in a specific software of a pipe project in a new evaporator plant</subfield>
        </datafield>
        <datafield tag="245" ind1="0" ind2="0">
            <subfield code="a">Diseño 3D en software específico de proyecto de tuberías en nueva planta evaporador</subfield>
        </datafield>
        <datafield tag="260" ind1=" " ind2=" ">
            <subfield code="a">Zaragoza</subfield>
            <subfield code="b">Universidad de Zaragoza</subfield>
            <subfield code="c">2020</subfield>
        </datafield>
        <datafield tag="300" ind1=" " ind2=" ">
            <subfield code="e">material-fisico-adicional</subfield>
        </datafield>
        <datafield tag="500" ind1=" " ind2=" ">
            <subfield code="a">Aporto en secretaría documentación adicional. Con la colaboración de la empresa INTUFIME.</subfield>
        </datafield>
        <datafield tag="506" ind1=" " ind2=" ">
            <subfield code="a">by-nc-sa</subfield>
            <subfield code="b">Creative Commons</subfield>
            <subfield code="c">3.0</subfield>
            <subfield code="u">http://creativecommons.org/licenses/by-nc-sa/3.0/</subfield>
        </datafield>
        <datafield tag="520" ind1=" " ind2=" ">
            <subfield code="a">En este trabajo se explica la metodología para la realización del diseño y del modelado en 3D de las instalaciones de tuberías de un nuevo evaporador. Este trabajo se ha llevado a cabo en las instalaciones de la empresa INTUFIME.&lt;br />La elaboración de este proyecto ha resultado especialmente útil para conocer en profundidad cómo realizar el diseño de una instalación industrial, tanto en su fase de diseño como de ejecución. Dentro del diseño se incluyen las ingenierías básicas y de detalle, además de hacer hincapié en el uso de un software de diseño en 3D. Con respecto a la ejecución se han realizado visitas a taller y a fábrica para llevar un seguimiento de la fabricación, comprobar soldaduras, tomar medidas, coordinación de obra, PRL, etc. &lt;br />Se plantea una instalación en distintos materiales, acero inoxidable, acero carbono y PVC, en función de las necesidades y condiciones del proceso. Esto varía para cada familia de líneas y los productos a trasegar, así como la temperatura y presión a la cual operan, para la que se crean distintas especificaciones de materiales. &lt;br />El diseño tanto de la tubería como de la soportación intenta integrar a todos los gremios que puedan participar en este proyecto, piping, eléctricos, mantenimiento, etc., de una forma coherente y coordinada. &lt;br />Se insiste en la utilización del programa AUTOCAD PLANT 3D, especializado en el diseño de tuberías en 3D. Cuenta con la posibilidad de crear un P&amp;ID y asignar las líneas y los equipos a los planos en 3D. También es capaz de generar planos a escala, modelizar equipos y añadir nuevos catálogos, especificaciones o accesorios, valvulería, etc., a los ya existentes en su base de datos, así como realidad virtual y aumentada, renders y presentaciones…&lt;br />&lt;br /></subfield>
        </datafield>
        <datafield tag="521" ind1=" " ind2=" ">
            <subfield code="a">Graduado en Ingeniería de Tecnologías Industriales</subfield>
        </datafield>
        <datafield tag="540" ind1=" " ind2=" ">
            <subfield code="a">Derechos regulados por licencia Creative Commons</subfield>
        </datafield>
        <datafield tag="700" ind1=" " ind2=" ">
            <subfield code="a">Murcia Tejero, Eduardo</subfield>
            <subfield code="e">dir.</subfield>
        </datafield>
        <datafield tag="710" ind1="2" ind2=" ">
            <subfield code="a">Universidad de Zaragoza</subfield>
            <subfield code="b">Ciencia y Tecnología de Materiales y Fluidos</subfield>
            <subfield code="c">Mecánica de Fluidos</subfield>
        </datafield>
        <datafield tag="720" ind1="2" ind2=" ">
            <subfield code="a">Blasco Alberto, Javier Amadeo</subfield>
            <subfield code="e">ponente</subfield>
        </datafield>
        <datafield tag="856" ind1="0" ind2=" ">
            <subfield code="f">717135@unizar.es</subfield>
        </datafield>
        <datafield tag="856" ind1="4" ind2=" ">
            <subfield code="s">37865689</subfield>
            <subfield code="u">http://zaguan.unizar.es/record/96593/files/TAZ-TFG-2020-2020.pdf</subfield>
            <subfield code="y">Memoria (spa)</subfield>
        </datafield>
        <datafield tag="909" ind1="C" ind2="O">
            <subfield code="o">oai:zaguan.unizar.es:96593</subfield>
            <subfield code="p">driver</subfield>
            <subfield code="p">trabajos-fin-grado</subfield>
        </datafield>
        <datafield tag="950" ind1=" " ind2=" ">
            <subfield code="a"></subfield>
        </datafield>
        <datafield tag="951" ind1=" " ind2=" ">
            <subfield code="a">deposita:2020-11-20</subfield>
        </datafield>
        <datafield tag="980" ind1=" " ind2=" ">
            <subfield code="a">TAZ</subfield>
            <subfield code="b">TFG</subfield>
            <subfield code="c">EINA</subfield>
        </datafield>
        <datafield tag="999" ind1=" " ind2=" ">
            <subfield code="a">20200625142217.CREATION_DATE</subfield>
        </datafield>
    </record>

    
</collection>